<?xml version="1.0" encoding="UTF-8"?>
<collection xmlns:xsi="http://www.w3.org/2001/XMLSchema-instance" xsi:schemaLocation="http://www.loc.gov/MARC21/slim http://www.loc.gov/standards/marcxml/schema/MARC21slim.xsd" xmlns="http://www.loc.gov/MARC21/slim">
 <record>
  <leader>00000ctm a22000003i 4500</leader>
  <controlfield tag="001">UP-99796217612423419</controlfield>
  <controlfield tag="003">Buklod</controlfield>
  <controlfield tag="005">20230215105418.0</controlfield>
  <controlfield tag="006">m    |o  d |      </controlfield>
  <controlfield tag="007">ta</controlfield>
  <controlfield tag="008">170323s        xx     d     r    |||| u|</controlfield>
  <datafield tag="035" ind1=" " ind2=" ">
   <subfield code="a">(iLib)UPD-00261913684</subfield>
  </datafield>
  <datafield tag="040" ind1=" " ind2=" ">
   <subfield code="a">DENGII</subfield>
  </datafield>
  <datafield tag="041" ind1=" " ind2=" ">
   <subfield code="a">eng</subfield>
  </datafield>
  <datafield tag="090" ind1=" " ind2=" ">
   <subfield code="a">LG 993 2013 E62</subfield>
   <subfield code="b">C33</subfield>
  </datafield>
  <datafield tag="100" ind1="1" ind2=" ">
   <subfield code="a">Cabato, Navrielle T.</subfield>
   <subfield code="e">author.</subfield>
  </datafield>
  <datafield tag="245" ind1="1" ind2="0">
   <subfield code="a">TiMP1</subfield>
   <subfield code="b">the first and only titanium dioxide manufacturing plant in the Philippines : plant design and economic evaluation</subfield>
   <subfield code="c">by Navrielle T. Cabato, Maria Carizza M. De Guia, Luis Antonio M. Monisit ; Hyacinth Mae Tambago, adviser.</subfield>
  </datafield>
  <datafield tag="264" ind1=" " ind2="0">
   <subfield code="a">Quezon City</subfield>
   <subfield code="b">College of Engineering, University of the Philippines Diliman</subfield>
   <subfield code="c">2013.</subfield>
  </datafield>
  <datafield tag="300" ind1=" " ind2=" ">
   <subfield code="a">v, 109 leaves, 77 unnumbered leaves</subfield>
   <subfield code="b">color illustrations</subfield>
   <subfield code="c">28 cm</subfield>
  </datafield>
  <datafield tag="336" ind1=" " ind2=" ">
   <subfield code="a">text</subfield>
   <subfield code="2">rdacontent</subfield>
  </datafield>
  <datafield tag="337" ind1=" " ind2=" ">
   <subfield code="a">unmediated</subfield>
   <subfield code="2">rdamedia</subfield>
  </datafield>
  <datafield tag="338" ind1=" " ind2=" ">
   <subfield code="a">volume</subfield>
   <subfield code="2">rdacarrier</subfield>
  </datafield>
  <datafield tag="500" ind1=" " ind2=" ">
   <subfield code="a">Submitted in partial fulfillment of the requirements in ChE 142 Chemical Engineering Plant Design.</subfield>
  </datafield>
  <datafield tag="506" ind1=" " ind2=" ">
   <subfield code="a">Access exclusively for UP ChE students.</subfield>
   <subfield code="c">Written permission required from the department head for non-ChE and non-UP students or researchers.</subfield>
  </datafield>
  <datafield tag="520" ind1="1" ind2=" ">
   <subfield code="a">Introduction and Market Study :This study aims to develop a process for the production of titanium dioxide for paint pigments from rutile sands. From this developed process, a titanium dioxide plant will designed. This study also aims to determine if a titanium dioxide manufacturing plant is a profitable investment in the Philippines by evaluating the plants projected cash flows, internal rate of return, and payback period over a 20-year plant life. The GDP, population, construction and coating demand are continuously rising, These are positive factors for the company since these are main driving force for the need for more production of TiO2. Our target market is the coating industry which imports TiO2 from foreign producers since there is not a single TiO2 manufacturers but we are determined to emerge by attracting the target market with lower prices of product and also distribution since we are located within the Philippines.Process Selection and Synthesis:Reaction Path Selection :There are two known methods of titanium dioxide production: the chloride process and the sulphate process. Parameters such as the hazards of chemical usage, atom economy, and raw material purity and compared for both processes. From Table A1, it is preferred to use the chlorine process because of its high atom economy, high raw material purity, and fewer main reaction schemes. Separation Pathway Selection :The main separations steps in the chlorine process involve using the boiling point difference to separate the titanium tetrachloride from the other impurities. One notable impurity is the vanadium oxychloride, VOC13 which has a boiling point of 127 celsius. The boiling point of titanium tetrachloride is 136 celsius, so separation by direct distillation is not possible.Process :Among the two process, the chloride process is chosen for this study. The chloride process converts 95 percent TiO2rutile sand into pigment-grade TiO2by the reactions:TiO2 + C12 + C -&gt; TiC14 + CO2</subfield>
  </datafield>
  <datafield tag="650" ind1=" " ind2="0">
   <subfield code="a">Titanium dioxide.</subfield>
  </datafield>
  <datafield tag="650" ind1=" " ind2="0">
   <subfield code="a">Chemical plants</subfield>
   <subfield code="x">Design and construction.</subfield>
  </datafield>
  <datafield tag="658" ind1=" " ind2=" ">
   <subfield code="a">Chemical engineering plant design</subfield>
   <subfield code="c">ChE 142</subfield>
   <subfield code="2">College of Engineering, University of the Philippines Diliman.</subfield>
  </datafield>
  <datafield tag="700" ind1="1" ind2=" ">
   <subfield code="a">De Guia, Maria Carizza M.</subfield>
   <subfield code="e">author.</subfield>
  </datafield>
  <datafield tag="700" ind1="1" ind2=" ">
   <subfield code="a">Monisit, Luis Antonio M.</subfield>
   <subfield code="e">author.</subfield>
  </datafield>
  <datafield tag="700" ind1="1" ind2=" ">
   <subfield code="a">Tambago, Hyacinth Mae</subfield>
   <subfield code="e">adviser.</subfield>
  </datafield>
  <datafield tag="842" ind1=" " ind2=" ">
   <subfield code="a">Thesis</subfield>
  </datafield>
  <datafield tag="905" ind1=" " ind2=" ">
   <subfield code="a">FI</subfield>
  </datafield>
  <datafield tag="905" ind1=" " ind2=" ">
   <subfield code="a">UP</subfield>
  </datafield>
  <datafield tag="852" ind1="0" ind2=" ">
   <subfield code="a">UPD</subfield>
   <subfield code="b">DENG-II</subfield>
   <subfield code="h">LG 993 2013 E62</subfield>
   <subfield code="i">C33</subfield>
  </datafield>
  <datafield tag="942" ind1=" " ind2=" ">
   <subfield code="a">Thesis</subfield>
  </datafield>
 </record>
</collection>
